Demandas sociales a la educación media: informe sintético para propuestas de acción
I tiakina i:
| Kaituhi matua: | |
|---|---|
| Hōputu: | Pukapuka |
| Reo: | Pāniora |
| I whakaputaina: |
Santiago
CPU-CIDE
1993
|
| Ngā marau: | |
| Ngā Tūtohu: |
Tāpirihia he Tūtohu
Kāore He Tūtohu, Me noho koe te mea tuatahi ki te tūtohu i tēnei pūkete!
|
MARC
| LEADER | 00000nam a2200000 a 4500 | ||
|---|---|---|---|
| 001 | UCX9698 | ||
| 003 | CL-VaPUC | ||
| 005 | 20240820110601.0 | ||
| 008 | 940622e19930000CL |||||||||||||||||spa|d | ||
| 999 | |c 228863 |d 228861 | ||
| 040 | |c Pontificia Universidad Católica de Valparaíso | ||
| 082 | 0 | 4 | |a 373 |b ERR |2 21 |
| 100 | 0 | |a Errázuriz, Margarita M |e author |9 327165 | |
| 245 | 1 | 0 | |a Demandas sociales a la educación media: informe sintético para propuestas de acción |
| 260 | |a Santiago |b CPU-CIDE |c 1993 | ||
| 300 | |a v | ||
| 583 | |a last modification |c 20161020 01:12:38 |k Rodrigo Vera | ||
| 650 | 0 | |a Educación media |9 499610 | |
| 650 | 0 | |a Política educacional |9 308011 | |
| 650 | 0 | |a Aspectos sociales |9 254894 | |
| 651 | 7 | |a CHILE |2 CL-VaPUC |9 327166 | |
| 942 | |c BK |2 ddc | ||
| 945 | |d 19940622 00:00:00 |a rbrito | ||
| 952 | |0 0 |1 0 |4 0 |6 373_000000000000000_ERR_1993 |7 0 |8 P |9 229339 |a BIBEDU |b BIBEDU |c BIBEDU_PB |d 2019-11-15 |h v.1 |i 2985799 |o 373 ERR 1993 |p 2985799 |r 2024-01-25 |w 2019-11-15 |y BK |k EDU | ||